00436nam a2200157Ia 4500008004100000020000700041082001600048100001900064245004600083250000700129260004300136300002400179500001600203600003300219650002600252240925s9999 xx 000 0 und d aNA a954.919 KUR aKureshy,, U.K. 0aPakistan Studies "Geography of Pakistan " aNA aLahore:bNational Book Servicec,1997. a313p.bNAfOriginal aPhoto Graph aHumanities & Natural Science aHistory and Geography